Nazioni con più partecipazioni alle Olimpiadi estive - Statistics

Statistiche generali
  • Questo quiz è stato fatto 32 volte
  • Il punteggio medio è 15 su 19
Statistiche sulle risposte
Parteciapazioni Nazione % Corretto
29 Francia
100%
28 Italia
100%
28 Stati Uniti
100%
27 Canada
90%
29 Gran Bretagna
90%
29 Grecia
87%
28 Svezia
77%
27 Belgio
74%
26 Finlandia
74%
26 Norvegia
74%
25 Portogallo
74%
25 Argentina
71%
27 Paesi Bassi
71%
29 Svizzera
71%
27 Australia
68%
28 Austria
68%
28 Danimarca
65%
25 India
55%
27 Ungheria
45%
Nessun quiz corrispondente trovato
Distribuzione punteggi
Percentuale di utenti per punteggio
Percentile per numero di risposta
I tuoi punteggi nel tempo
Non hai fatto questo quiz